Taylor Swift - Devine la chanson sans indices #36 - Statistiques

Statistiques générales
  • Ce quiz a été pris 291 fois
  • Le résultat moyen est 169 sur 288
Statistiques - réponses
Réponse % Correct
I
100%
a
97%
the
94%
The
94%
he
90%
He
90%
me,
90%
me
90%
love,
89%
love
89%
my
86%
do
85%
so
84%
So
84%
on
83%
we
83%
be
82%
That
82%
that
82%
to
82%
in
81%
it
81%
when
81%
and
79%
And
79%
I'm
76%
don't
74%
for
73%
it's
72%
of
72%
know
70%
her
68%
all
67%
can
67%
But
65%
but
65%
have
64%
see
64%
'cause
62%
'Cause
62%
could
62%
at
61%
can't
61%
why
61%
Look
59%
by
58%
he's
57%
He's
57%
his
57%
one
56%
think
56%
with
56%
get
55%
I'll
54%
should
53%
got
52%
there
52%
about
51%
him
51%
never
50%
only
50%
want
50%
if
48%
just
48%
she's
46%
thing
46%
time
45%
night
44%
out
43%
as
42%
says
41%
up,
40%
eyes
39%
some
39%
won't
39%
bet
37%
car
37%
tell
36%
guitar
35%
keep
35%
teardrops
35%
down
34%
smile
34%
reason
33%
everything
32%
girl
32%
heart
32%
knows
32%
live
32%
looks
32%
star
32%
those
32%
right
30%
even
29%
wish
29%
without
29%
talks
28%
fake
27%
give
27%
home
27%
better
26%
goes,
26%
into
26%
beautiful,
25%
beautiful
25%
Drew
25%
need
25%
light
24%
who's
23%
break
22%
keeps
22%
sleep
22%
wishing
22%
laugh
21%
She'd
21%
song
21%
there's
21%
walks
21%
drive
20%
kind
20%
alone,
19%
funny
18%
put
18%
breathe?
17%
singing,
17%
wonder
17%
lucky
16%
maybe
16%
fall
15%
perfectly
15%
tonight
15%
turn
15%
enough
14%
hold
14%
anyone
13%
flawless
13%
picture
13%
finally
12%
tight,
12%
needing
10%
taken
8%
Aucun quiz correspondant
Distribution des résultats
% des personnes avec chaque résultat
Percentile par nombre de réponses
Votre historique - résultats
Vous n’avez pas pris ce quiz